[Event "British Columbia-ch U20"]
[Site "Richmond CAN"]
[Date "2016.11.13"]
[Round "5.5"]
[White "Chung, Alec"]
[Black "Qu, Leo"]
[Result "0-1"]
[WhiteElo "1702"]
[BlackElo "1846"]
[PlyCount "130"]
[EventDate "2016.11.11"]
[EventType "swiss"]
[EventRounds "5"]
[EventCountry "CAN"]

1. c4 e6 2. Nc3 f5 3. g3 Nf6 4. Bg2 Be7 5. e3 O-O 6. Nge2 d6 7. O-O c6 8. d4
Qe8 9. Rb1 e5 10. b4 b6 11. Bb2 e4 12. d5 Bb7 13. Nf4 Qd7 14. a3 Rc8 15. Rc1 c5
16. b5 g5 17. Ne6 g4 18. h3 h5 19. h4 Qe8 20. Ne2 Nbd7 21. Ng5 Nh7 22. Ne6 Bf6
23. Bxf6 Nhxf6 24. N2f4 Kf7 25. Ra1 Ne5 26. Qc2 Ke7 27. Ng7 Qd7 28. Nfe6 Nxd5
29. cxd5 Bxd5 30. Nf4 Bc4 31. Rfd1 Bxb5 32. Bxe4 fxe4 33. Qxe4 Bc6 34. Ng6+ Kd8
35. Nxe5 Bxe4 36. Nxd7 Kxd7 37. Nxh5 Kc6 38. a4 d5 39. Nf4 Rd8 40. Rac1 Rd6 41.
Ne2 a6 42. Rd2 b5 43. Nc3 Bf3 44. Rb2 b4 45. Na2 a5 46. Nxb4+ axb4 47. Rxb4 c4
48. Kf1 Kd7 49. Ke1 Rda6 50. Rcb1 Rxa4 51. Rb7+ Ke6 52. R1b6+ Kf5 53. e4+ Kxe4
54. Re7+ Kd4 55. Reb7 Ra2 56. h5 Re2+ 57. Kf1 Raa2 58. h6 Rxf2+ 59. Kg1 Rh2 60.
Rb2 Ra1+ 61. Rb1 Rh1+ 62. Kf2 Raxb1 63. Rxb1 Rxb1 64. h7 Rh1 65. h8=N Rxh8 0-1

[Event "British Columbia-ch U20"]
[Site "Richmond CAN"]
[Date "2016.11.13"]
[Round "5.6"]
[White "Leong, Ryan"]
[Black "Tian, Sherry"]
[Result "0-1"]
[WhiteElo "1615"]
[BlackElo "1494"]
[PlyCount "104"]
[EventDate "2016.11.11"]
[EventType "swiss"]
[EventRounds "5"]
[EventCountry "CAN"]

1. Nf3 d5 2. g3 c6 3. Bg2 Bg4 4. O-O Nd7 5. d3 Ngf6 6. Nbd2 e5 7. e4 Bd6 8. h3
Bh5 9. Qe1 O-O 10. Nh4 Rc8 11. Nf5 Nc5 12. Nb3 Nxb3 13. axb3 a6 14. Bg5 Bg6 15.
Nxd6 Qxd6 16. f4 h6 17. fxe5 Qxe5 18. Bxf6 gxf6 19. Qf2 dxe4 20. dxe4 Kg7 21.
Ra4 Rcd8 22. c3 Rd3 23. Kh2 Rfd8 24. Re1 Bh5 25. Re3 Rd2 26. Qf4 Rxb2 27. Rd4
Rxd4 28. Qxe5 fxe5 29. cxd4 exd4 30. Rd3 Be2 31. Rxd4 Bf3 32. Rd3 Rxg2+ 33. Kh1
Bxe4 34. Rd4 Bd5 35. Rxd5 cxd5 36. Kxg2 Kf6 37. Kf3 Ke5 38. b4 b6 39. Ke3 a5
40. b5 a4 41. Kd3 d4 42. g4 a3 43. Kc2 d3+ 44. Kb3 d2 45. g5 d1=Q+ 46. Kc4 hxg5
47. h4 gxh4 48. Kb4 Qd3 49. Ka4 a2 50. Kb4 Kf5 51. Ka4 Qb1 52. Ka3 a1=R# 0-1

[Event "British Columbia-ch U20"]
[Site "Richmond CAN"]
[Date "2016.11.13"]
[Round "5.7"]
[White "Gu, Chuyang"]
[Black "Pulfer, Luke"]
[Result "0-1"]
[WhiteElo "1751"]
[BlackElo "2047"]
[PlyCount "60"]
[EventDate "2016.11.11"]
[EventType "swiss"]
[EventRounds "5"]
[EventCountry "CAN"]

1. e4 e5 2. Nf3 Nc6 3. Bb5 a6 4. Ba4 Nf6 5. O-O Be7 6. Re1 b5 7. Bb3 O-O 8. c3
d5 9. exd5 Nxd5 10. Nxe5 Nxe5 11. Rxe5 c6 12. d4 Bd6 13. Re1 Qh4 14. g3 Qh3 15.
Re4 g5 16. Qf1 Qh5 17. f3 Bf5 18. Nd2 Rae8 19. Qg2 g4 20. fxg4 Bxg4 21. Bc2 Ne3
22. Rxe3 Rxe3 23. Ne4 Re1+ 24. Kf2 Re2+ 25. Kf1 Qf5+ 26. Nf2 Qxc2 27. Bh6 Rfe8
28. h3 Re1+ 29. Rxe1 Rxe1+ 30. Kxe1 Qe2# 0-1

[Event "British Columbia-ch U20"]
[Site "Richmond CAN"]
[Date "2016.11.13"]
[Round "5.8"]
[White "Wan, Justin"]
[Black "Zheng, Victor"]
[Result "0-1"]
[WhiteElo "1546"]
[BlackElo "1822"]
[PlyCount "166"]
[EventDate "2016.11.11"]
[EventType "swiss"]
[EventRounds "5"]
[EventCountry "CAN"]

1. e4 c5 2. Nf3 d6 3. Bb5+ Bd7 4. Bxd7+ Nxd7 5. O-O Ngf6 6. d3 g6 7. Nc3 Bg7 8.
Be3 O-O 9. Qd2 a6 10. Bh6 b5 11. Nd5 Nxd5 12. exd5 Nb6 13. Bxg7 Kxg7 14. c4 e6
15. dxe6 fxe6 16. Ng5 Qf6 17. Rae1 Rae8 18. Ne4 Qd4 19. Qa5 Nc8 20. Qxa6 b4 21.
Ng5 Qf6 22. Ne4 Qf4 23. Re3 Qe5 24. Rh3 Rf7 25. Qa4 Ref8 26. Qc2 Ne7 27. Qd2
Qf4 28. Qxf4 Rxf4 29. Ng5 R8f6 30. Rxh7+ Kf8 31. Ne4 Rf7 32. Rxf7+ Kxf7 33.
Nxd6+ Kg7 34. Re1 Rd4 35. Rxe6 Rxd3 36. Rxe7+ Kf6 37. Re1 Rxd6 38. b3 Rd2 39.
Ra1 Kf5 40. Kf1 Kf4 41. Ke1 Rb2 42. h3 Ke4 43. f3+ Ke3 44. Kf1 Kd3 45. g3 Ke3
46. a3 Rxb3 47. axb4 cxb4 48. Kg2 Rb2+ 49. Kh1 Kxf3 50. Rg1 Rc2 51. h4 Rxc4 52.
Kh2 b3 53. Rb1 Rb4 54. Kh3 b2 55. g4 Ke2 56. h5 gxh5 57. gxh5 Kd2 58. Rxb2+
Rxb2 59. Kg4 Rb5 60. h6 Ke3 61. Kh4 Kf4 62. h7 Rb8 63. Kh5 Kf5 64. Kh6 Kf6 65.
Kh5 Kg7 66. Kg5 Rb5+ 67. Kf4 Kxh7 68. Ke4 Kg6 69. Kf4 Kf6 70. Ke4 Re5+ 71. Kd4
Ke6 72. Kd3 Kd5 73. Kc3 Re4 74. Kd3 Ke5 75. Kc3 Rd4 76. Kc2 Ke4 77. Kc3 Ke3 78.
Kb3 Kd3 79. Kb2 Rb4+ 80. Ka3 Kc3 81. Ka2 Kc2 82. Ka3 Rd4 83. Ka2 Ra4# 0-1

[Event "British Columbia-ch w"]
[Site "Vancouver CAN"]
[Date "2016.10.07"]
[Round "1.1"]
[White "Guo, Veronica (Yu Han)"]
[Black "Gansvind, Valeriya"]
[Result "0-1"]
[WhiteElo "989"]
[BlackElo "2258"]
[PlyCount "126"]
[EventDate "2016.10.07"]
[EventType "tourn"]
[EventRounds "5"]
[EventCountry "CAN"]

1. e4 g6 2. d4 Bg7 3. Nc3 d6 4. Be3 c6 5. Be2 b5 6. a3 a6 7. Nf3 Qc7 8. Qd2 Nd7
9. O-O h6 10. h3 Bb7 11. Rad1 Ngf6 12. Bf4 Nh5 13. Bh2 c5 14. d5 Nhf6 15. Qe3
b4 16. axb4 cxb4 17. Na2 Qc5 18. Qd4 Qxd4 19. Rxd4 a5 20. c4 Nh5 21. Rd2 Nc5
22. e5 dxe5 23. Bxe5 Nf6 24. Nc1 Ncd7 25. Bd4 O-O 26. Re1 Ne4 27. Rdd1 Rfe8 28.
Bxg7 Kxg7 29. Bd3 Nec5 30. Bf1 a4 31. Nd3 Nxd3 32. Rxd3 Nc5 33. Rd4 a3 34. bxa3
bxa3 35. Rdd1 a2 36. Nd2 Kf8 37. Ra1 Ra3 38. Nb1 axb1=Q 39. Rexb1 Rxa1 40. Rxa1
Rc8 41. Rd1 Ne4 42. Rd4 Nd6 43. Kh2 Ba6 44. Kg3 Nf5+ 45. Kf4 Nxd4 46. Ke4 Nf5
47. g4 Nd6+ 48. Kf3 Bxc4 49. Bxc4 Rxc4 50. Kg3 Rd4 51. Kh4 Rxd5 52. f3 Kg7 53.
Kg3 Rd3 54. Kh4 g5+ 55. Kg3 Ne4+ 56. Kg2 Rd2+ 57. Kf1 Nc3 58. f4 Kf6 59. fxg5+
Kxg5 60. h4+ Kf4 61. g5 Kf3 62. Kg1 Kg3 63. gxh6 Rd1# 0-1

[Event "British Columbia-ch w"]
[Site "Vancouver CAN"]
[Date "2016.10.07"]
[Round "1.2"]
[White "Tian, Sherry"]
[Black "Zhou, Annika"]
[Result "1-0"]
[WhiteElo "1520"]
[BlackElo "1522"]
[PlyCount "99"]
[EventDate "2016.10.07"]
[EventType "tourn"]
[EventRounds "5"]
[EventCountry "CAN"]

1. d4 Nf6 2. Nf3 e6 3. e3 Nc6 4. Bd3 d5 5. O-O Be7 6. c4 O-O 7. Nc3 b6 8. b3
Bb7 9. Bb2 Nb4 10. Be2 c5 11. a3 Na6 12. cxd5 Nxd5 13. Nxd5 Qxd5 14. Rc1 Rac8
15. dxc5 Nxc5 16. b4 Ne4 17. Qxd5 Bxd5 18. Ba6 Rxc1 19. Rxc1 Bd6 20. Be5 f6 21.
Bxd6 Nxd6 22. Nd4 Rf7 23. f3 Bb7 24. Bxb7 Rxb7 25. Rc6 Nf5 26. Nxe6 Rd7 27. e4
Ne7 28. Rc7 Rxc7 29. Nxc7 Nc6 30. Kf2 Kf7 31. Ke3 Ke7 32. Kd3 Kd7 33. Nb5 a6
34. Nd4 Nxd4 35. Kxd4 Kd6 36. a4 g6 37. f4 a5 38. bxa5 bxa5 39. e5+ fxe5+ 40.
fxe5+ Ke6 41. Ke4 h6 42. h3 Kd7 43. Kd5 Ke7 44. e6 g5 45. g4 Ke8 46. Kd6 Kd8
47. e7+ Ke8 48. Ke6 h5 49. gxh5 g4 50. h6 1-0

[Event "British Columbia-ch w"]
[Site "Vancouver CAN"]
[Date "2016.10.07"]
[Round "1.3"]
[White "Van, Anna"]
[Black "Gu, Stephanie"]
[Result "0-1"]
[WhiteElo "1178"]
[BlackElo "994"]
[PlyCount "138"]
[EventDate "2016.10.07"]
[EventType "tourn"]
[EventRounds "5"]
[EventCountry "CAN"]

1. e4 c5 2. Nf3 d6 3. d4 cxd4 4. Nxd4 Nf6 5. Nc3 a6 6. Bg5 e6 7. f4 Be7 8. Qf3
Nbd7 9. Bd3 O-O 10. g4 Qc7 11. O-O-O Re8 12. Qh3 b5 13. Bxf6 Nxf6 14. g5 Nd7
15. a3 Bb7 16. Rhe1 Rac8 17. Kb1 Nc5 18. Qg4 Qd7 19. h4 e5 20. Qxd7 Nxd7 21. f5
exd4 22. Nd5 Bxd5 23. exd5 Nb6 24. Re4 Nxd5 25. Rxd4 Nb6 26. Re4 f6 27. Rde1
Kf8 28. g6 h6 29. Ka2 d5 30. Re6 Rb8 31. b3 Rb7 32. c4 bxc4 33. bxc4 Nxc4 34.
Bxc4 dxc4 35. Rxa6 Rc8 36. Rc1 c3 37. Rc2 Rcb8 38. Re6 Rb2+ 39. Rxb2 cxb2 40.
Re1 Bxa3 41. Rb1 Bc5 42. Rxb2 Rxb2+ 43. Kxb2 Ke7 44. Kc3 Kd6 45. Kc4 Ke5 46.
Kxc5 Kxf5 47. h5 Kg5 48. Kd5 Kxh5 49. Ke4 Kxg6 50. Kf4 f5 51. Kf3 Kg5 52. Kg3
h5 53. Kh3 f4 54. Kg2 Kg4 55. Kf2 h4 56. Kg2 g6 57. Kf2 h3 58. Kg1 Kg3 59. Kh1
f3 60. Kg1 f2+ 61. Kf1 h2 62. Ke2 h1=Q 63. Ke3 Qe1+ 64. Kd4 f1=Q 65. Kd5 Qd3+
66. Kc5 Qc1+ 67. Kb4 Qcb1+ 68. Ka4 Qc4+ 69. Ka5 Qcb5# 0-1

[Event "British Columbia-ch w"]
[Site "Vancouver CAN"]
[Date "2016.10.08"]
[Round "2.1"]
[White "Gansvind, Valeriya"]
[Black "Gu, Stephanie"]
[Result "1-0"]
[WhiteElo "2258"]
[BlackElo "994"]
[PlyCount "69"]
[EventDate "2016.10.07"]
[EventType "tourn"]
[EventRounds "5"]
[EventCountry "CAN"]

1. d4 Nf6 2. Nf3 d5 3. Bg5 e6 4. e3 Be7 5. Nbd2 O-O 6. Bd3 Nbd7 7. c3 h6 8. Bh4
c6 9. O-O Qc7 10. e4 dxe4 11. Nxe4 Re8 12. Bg3 Qd8 13. Nd6 Bxd6 14. Bxd6 Nb6
15. Be5 Nbd7 16. Bf4 c5 17. Bc2 b6 18. Ba4 Qe7 19. Bc6 Ba6 20. Bxa8 Bxf1 21.
Bc6 Bc4 22. dxc5 Nxc5 23. Bd6 Qd8 24. Bxe8 Qxe8 25. Bxc5 bxc5 26. Ne5 Ba6 27.
Qd6 Bb7 28. Rd1 Qf8 29. Qc7 Bc8 30. Rd8 Ne8 31. Qxc8 Kh7 32. Rxe8 Qxe8 33. Qxe8
g6 34. Qxf7+ Kh8 35. Nxg6# 1-0

[Event "British Columbia-ch w"]
[Site "Vancouver CAN"]
[Date "2016.10.08"]
[Round "2.3"]
[White "Guo, Veronica (Yu Han)"]
[Black "Tian, Sherry"]
[Result "0-1"]
[WhiteElo "989"]
[BlackElo "1520"]
[PlyCount "50"]
[EventDate "2016.10.07"]
[EventType "tourn"]
[EventRounds "5"]
[EventCountry "CAN"]

1. e4 e6 2. d4 d5 3. e5 c5 4. c3 Nc6 5. Nf3 Bd7 6. a3 f6 7. Nbd2 fxe5 8. Nxe5
Nf6 9. Nxc6 Bxc6 10. Nf3 Bd6 11. Be2 O-O 12. Qc2 cxd4 13. Ng5 Bd7 14. Bg4 Qe7
15. O-O h6 16. Nxe6 Bxe6 17. Bxe6+ Qxe6 18. Bxh6 Ng4 19. Bxg7 Bxh2+ 20. Kh1
Kxg7 21. Rae1 Nxf2+ 22. Kxh2 Qh6+ 23. Kg3 Qg5+ 24. Kh2 Qh4+ 25. Kg1 Qh1# 0-1

[Event "British Columbia-ch w"]
[Site "Vancouver CAN"]
[Date "2016.10.08"]
[Round "3.1"]
[White "Tian, Sherry"]
[Black "Gansvind, Valeriya"]
[Result "0-1"]
[WhiteElo "1520"]
[BlackElo "2258"]
[PlyCount "96"]
[EventDate "2016.10.07"]
[EventType "tourn"]
[EventRounds "5"]
[EventCountry "CAN"]

1. d4 g6 2. Nf3 Bg7 3. Bf4 d6 4. e3 c6 5. Bd3 Nd7 6. c3 e5 7. dxe5 dxe5 8. Bg3
Qe7 9. Nbd2 Ngf6 10. Be2 O-O 11. h3 Nd5 12. O-O h6 13. Rc1 Rd8 14. Qc2 Re8 15.
Rfd1 e4 16. Nd4 Be5 17. Qxe4 Bxg3 18. Qxe7 Bxf2+ 19. Kxf2 Rxe7 20. e4 N5f6 21.
Bf3 Nc5 22. Nc4 Ncxe4+ 23. Bxe4 Nxe4+ 24. Kf3 c5 25. Nb3 Ng5+ 26. Kf2 Be6 27.
Nd6 b6 28. h4 Nh7 29. Re1 Nf6 30. Rcd1 Rd7 31. Nb5 Rad8 32. Rxd7 Rxd7 33. Nc1
Rd2+ 34. Re2 Rd1 35. Re1 Ng4+ 36. Ke2 Rd7 37. Kf3 h5 38. b3 a6 39. Na3 Rd2 40.
Kg3 Bd5 41. Re2 Rd1 42. Re8+ Kg7 43. Ne2 Rd3+ 44. Kf4 Bxg2 45. Nc4 Rf3+ 46. Ke4
Rxc3+ 47. Kf4 Rf3+ 48. Ke4 Re3+ 0-1

[Event "British Columbia-ch w"]
[Site "Vancouver CAN"]
[Date "2016.10.08"]
[Round "3.2"]
[White "Van, Anna"]
[Black "Guo, Veronica (Yu Han)"]
[Result "1-0"]
[WhiteElo "1178"]
[BlackElo "989"]
[PlyCount "119"]
[EventDate "2016.10.07"]
[EventType "tourn"]
[EventRounds "5"]
[EventCountry "CAN"]

1. e4 e5 2. Nf3 Nc6 3. Bc4 Bc5 4. c3 Nf6 5. d3 d6 6. O-O a6 7. Bb3 h6 8. Nbd2
O-O 9. h3 Ba7 10. Re1 Be6 11. Bc2 Re8 12. Nf1 d5 13. Qe2 Qd7 14. Be3 d4 15. Bd2
dxc3 16. bxc3 Rad8 17. a4 Bxh3 18. gxh3 Qxh3 19. N3h2 Nh5 20. Be3 Bxe3 21. Qxe3
Qh4 22. Ng3 Nf4 23. Nf5 Qg5+ 24. Ng3 Re6 25. Kh1 Qh4 26. Rg1 Rg6 27. Nf5 Qh5
28. d4 Nh3 29. Rxg6 fxg6 30. Ng3 Qh4 31. Bb3+ Kh7 32. d5 Ne7 33. Kg2 Rf8 34.
Rf1 Ng8 35. Nf3 Qg4 36. Nxe5 Nf4+ 37. Kg1 Qh4 38. Bd1 Nh3+ 39. Kg2 Nf4+ 40. Kg1
Re8 41. Nf3 Qg4 42. Nh2 Qh4 43. Qf3 Rf8 44. Qg4 Qf6 45. c4 Qd4 46. Nf3 Qf6 47.
e5 Qe7 48. Bc2 Qf7 49. e6 Qf6 50. Ne4 Qf5 51. Neg5+ hxg5 52. Bxf5 gxf5 53.
Nxg5+ Kg6 54. Qxf4 Nh6 55. f3 Ng8 56. Kf2 Re8 57. Rg1 Kf6 58. Nh7+ Ke7 59.
Rxg7+ Kd8 60. Qxc7# 1-0

[Event "British Columbia-ch w"]
[Site "Vancouver CAN"]
[Date "2016.10.09"]
[Round "4.2"]
[White "Guo, Veronica (Yu Han)"]
[Black "Gu, Stephanie"]
[Result "1/2-1/2"]
[WhiteElo "989"]
[BlackElo "994"]
[PlyCount "203"]
[EventDate "2016.10.07"]
[EventType "tourn"]
[EventRounds "5"]
[EventCountry "CAN"]

1. e4 c5 2. Nf3 d6 3. d4 cxd4 4. Nxd4 Nf6 5. Nc3 a6 6. f3 e5 7. Nb3 Be6 8. Be3
Be7 9. Qd2 Qc7 10. O-O-O O-O 11. g4 b5 12. g5 Nfd7 13. h4 Nb6 14. Bxb6 Qxb6 15.
Nd5 Bxd5 16. Qxd5 Nd7 17. Bh3 Qc7 18. Bxd7 Qxd7 19. Rd3 Rac8 20. g6 hxg6 21. f4
exf4 22. Rg1 Qe6 23. Rh1 Qxd5 24. Rxd5 f5 25. e5 dxe5 26. Rxe5 Rfe8 27. h5 gxh5
28. Rxh5 Bd6 29. Rxe8+ Rxe8 30. Rxf5 Rf8 31. Rd5 Bb8 32. Nd2 Kh7 33. Rg5 Kh6
34. Rg1 g5 35. Nf3 Rg8 36. Kd2 Ba7 37. Rg2 Be3+ 38. Kd3 Ba7 39. Ne5 Rf8 40. Ke4
a5 41. Rh2+ Kg7 42. Rh5 Rg8 43. Rxg5+ Kh7 44. Rxg8 Kxg8 45. Kxf4 Kf8 46. c4
bxc4 47. Nxc4 a4 48. Ke4 Ke7 49. Kd3 Bc5 50. Nd2 Kd7 51. Kc4 Kc6 52. Ne4 Be7
53. a3 Kb6 54. Nc3 Ka5 55. Nd5 Bf8 56. Nb4 Bd6 57. Nc6+ Kb6 58. Kd5 Bc5 59. Nd8
Be3 60. Kc4 Bc1 61. Kc3 Kb5 62. Kc2 Be3 63. Kc3 Bc1 64. Ne6 Be3 65. Nd4+ Kc5
66. Ne6+ Kb5 67. Nc7+ Kc5 68. Na6+ Kb5 69. Nc7+ Ka5 70. Nd5 Bc5 71. Nb4 Bd6 72.
Nc6+ Kb5 73. Nd4+ Kc5 74. Ne6+ Kb5 75. Nd4+ Kc5 76. b3 axb3 77. Nxb3+ Kb6 78.
a4 Ka6 79. Nd2 Bc7 80. Nc4 Bd8 81. Kd4 Bb6+ 82. Nxb6 Kxb6 83. Kc3 Ka5 84. Kb3
Ka6 85. Kb4 Kb6 86. a5+ Ka6 87. Ka4 Ka7 88. Kb5 Kb7 89. a6+ Ka7 90. Ka5 Ka8 91.
Kb5 Ka7 92. Ka5 Ka8 93. Kb4 Ka7 94. Kb5 Ka8 95. Kb4 Ka7 96. Kb5 Ka8 97. Kb6 Kb8
98. Kc6 Ka7 99. Kb5 Ka8 100. Kb6 Kb8 101. a7+ Ka8 102. Ka6 1/2-1/2

[Event "British Columbia-ch w"]
[Site "Vancouver CAN"]
[Date "2016.10.09"]
[Round "4.3"]
[White "Tian, Sherry"]
[Black "Van, Anna"]
[Result "0-1"]
[WhiteElo "1520"]
[BlackElo "1178"]
[PlyCount "104"]
[EventDate "2016.10.07"]
[EventType "tourn"]
[EventRounds "5"]
[EventCountry "CAN"]

1. d4 d5 2. Nf3 Nf6 3. e3 Bg4 4. Be2 Nbd7 5. O-O e6 6. c4 c6 7. Nc3 Bd6 8. b3
O-O 9. Bb2 a6 10. Rc1 b5 11. cxd5 cxd5 12. h3 Bh5 13. Qd2 Qe7 14. Rfd1 b4 15.
Na4 a5 16. Ne5 Bxe5 17. dxe5 Ne4 18. Qe1 Bxe2 19. Qxe2 Qg5 20. f4 Qg3 21. Rc7
Rfd8 22. Rdc1 f6 23. Qf3 fxe5 24. Qxg3 Nxg3 25. fxe5 Ne2+ 26. Kf2 Nxc1 27. Rxc1
Rac8 28. Rd1 Rf8+ 29. Kg3 Nc5 30. Nb6 Ne4+ 31. Kh2 Rc2 32. Na4 Rff2 33. Rg1 Nd2
34. Kg3 Nf1+ 35. Kh4 Nxe3 36. g4 Rf4 37. Kg3 g5 38. Bc1 Nf1+ 39. Rxf1 Rxf1 40.
Bxg5 Rxa2 41. Nc5 Kf7 42. Be3 Rc2 43. Na4 Rd1 44. Kf3 d4 45. Bf4 d3 46. Ke3
Re2+ 47. Kd4 d2 48. Kd3 Rg2 49. Nb6 Rb1 50. Bxd2 Rxd2+ 51. Kxd2 Rxb3 52. h4 Rh3
0-1

[Event "British Columbia-ch w"]
[Site "Vancouver CAN"]
[Date "2016.10.09"]
[Round "5.1"]
[White "Van, Anna"]
[Black "Gansvind, Valeriya"]
[Result "0-1"]
[WhiteElo "1178"]
[BlackElo "2258"]
[PlyCount "92"]
[EventDate "2016.10.07"]
[EventType "tourn"]
[EventRounds "5"]
[EventCountry "CAN"]

1. e4 c5 2. Nf3 e6 3. d4 cxd4 4. Nxd4 a6 5. Nc3 Qc7 6. Be3 Bb4 7. Bd2 Nf6 8.
Bd3 Bc5 9. Nf3 Nc6 10. h3 b5 11. a3 Bb7 12. O-O Be7 13. Re1 d6 14. Qe2 Nd7 15.
b4 Bf6 16. Rac1 Nce5 17. Nxe5 Bxe5 18. Na2 Nb6 19. c4 bxc4 20. Bxc4 Nxc4 21.
Qxc4 Qxc4 22. Rxc4 Kd7 23. Rec1 d5 24. exd5 Bxd5 25. R4c2 Bb3 26. Rc5 Bd6 27.
Rg5 Bxa2 28. Rxg7 e5 29. Ra1 Bb3 30. Re1 Rag8 31. Bh6 Rxg7 32. Bxg7 Re8 33. Re4
Bd5 34. Rh4 Rc8 35. Bh6 Rc3 36. a4 Rb3 37. f4 Rxb4 38. g3 Bc5+ 39. Kf1 e4 40.
f5 Rb1+ 41. Ke2 Rb2+ 42. Kd1 e3 43. Rf4 e2+ 44. Ke1 Bb6 45. Rf1 Ba5+ 46. Kf2
exf1=Q+ 0-1

[Event "British Columbia-ch w"]
[Site "Vancouver CAN"]
[Date "2016.10.09"]
[Round "5.2"]
[White "Gu, Stephanie"]
[Black "Tian, Sherry"]
[Result "1/2-1/2"]
[WhiteElo "994"]
[BlackElo "1520"]
[PlyCount "139"]
[EventDate "2016.10.07"]
[EventType "tourn"]
[EventRounds "5"]
[EventCountry "CAN"]

1. e4 e6 2. d4 d5 3. Nc3 Nf6 4. Bg5 dxe4 5. Nxe4 Be7 6. Bxf6 Bxf6 7. Nxf6+ Qxf6
8. Nf3 O-O 9. Bd3 c5 10. c3 Nc6 11. dxc5 e5 12. Qc2 h6 13. O-O-O Bg4 14. Be4
Rac8 15. h3 Be6 16. Kb1 Qe7 17. Rhe1 Qxc5 18. Qe2 f6 19. Nh4 Qa5 20. a3 Ne7 21.
Qf3 Qb5 22. Qe2 Qb3 23. Kc1 Qa2 24. Bb1 Qb3 25. Qc2 Qxc2+ 26. Bxc2 Rfd8 27. Ng6
Nxg6 28. Bxg6 Bf7 29. Bxf7+ Kxf7 30. Kc2 Ke6 31. g4 g6 32. h4 f5 33. f3 fxg4
34. fxg4 Rxd1 35. Rxd1 Rc4 36. Rg1 h5 37. gxh5 gxh5 38. Rh1 Kf5 39. Kd3 Rf4 40.
Ke3 e4 41. Ke2 Rg4 42. Rh2 Kf4 43. Rf2+ Kg3 44. Ke3 Rxh4 45. Rf7 Rg4 46. Rxb7
h4 47. Rxa7 h3 48. Rd7 h2 49. Rd1 Kh3 50. Rh1 Rg2 51. b4 Rc2 52. Kxe4 Rxc3 53.
a4 Rb3 54. b5 Rb4+ 55. Kd5 Rxa4 56. Kc6 Rc4+ 57. Kb7 Kg2 58. Rxh2+ Kxh2 59. b6
Kg3 60. Kb8 Kf4 61. b7 Ke5 62. Ka7 Ra4+ 63. Kb6 Rb4+ 64. Kc6 Rc4+ 65. Kb6 Rb4+
66. Kc7 Rc4+ 67. Kb6 Rb4+ 68. Kc7 Rb3 69. b8=Q Rxb8 70. Kxb8 1/2-1/2

[Event "British Columbia-op"]
[Site "Richmond CAN"]
[Date "2016.02.06"]
[Round "1.1"]
[White "Roback, Joe"]
[Black "Cao, Jason"]
[Result "0-1"]
[WhiteElo "2049"]
[BlackElo "2386"]
[PlyCount "42"]
[EventDate "2016.02.06"]
[EventType "swiss"]
[EventRounds "6"]
[EventCountry "CAN"]

1. e4 c5 2. Nf3 e6 3. d4 cxd4 4. Nxd4 Nc6 5. Nc3 Qc7 6. Be2 a6 7. O-O Nf6 8. a3
Nxd4 9. Qxd4 Bd6 10. h3 b5 11. Re1 Bb7 12. Bf1 Be5 13. Qd3 Rc8 14. Bd2 O-O 15.
Rad1 Rfd8 16. Qf3 d5 17. exd5 Nxd5 18. Bg5 f6 19. Nxd5 Bxd5 20. Rxd5 Rxd5 21.
Bc1 Qxc2 0-1

[Event "British Columbia-op"]
[Site "Richmond CAN"]
[Date "2016.02.06"]
[Round "1.2"]
[White "Sohal, Tanraj"]
[Black "Horiachkin, Yaroslav"]
[Result "1-0"]
[WhiteElo "2382"]
[BlackElo "2037"]
[PlyCount "75"]
[EventDate "2016.02.06"]
[EventType "swiss"]
[EventRounds "6"]
[EventCountry "CAN"]

1. d4 d5 2. c4 e6 3. Nc3 Nf6 4. cxd5 exd5 5. Bg5 Be7 6. e3 c6 7. Bd3 O-O 8. Qc2
h6 9. Bh4 Be6 10. Nf3 Nbd7 11. O-O Rc8 12. Rab1 a6 13. Na4 Bg4 14. Nd2 g5 15.
Bg3 Nh5 16. b4 Nxg3 17. hxg3 Kg7 18. Nc5 Qc7 19. Bf5 Bxf5 20. Qxf5 Nf6 21. Nf3
Rce8 22. Ne5 Bd6 23. f4 gxf4 24. gxf4 Bxc5 25. bxc5 Ne4 26. Qg4+ Kh7 27. Qd7
Re7 28. Qf5+ Kg7 29. Rf3 Rg8 30. Rh3 Re6 31. Rh4 Kf8 32. Qh3 Rg3 33. Qh2 Kg7
34. f5 Rxe5 35. dxe5 Rxe3 36. Qf4 Rg3 37. Qxh6+ Kg8 38. Qh8# 1-0

[Event "British Columbia-op"]
[Site "Richmond CAN"]
[Date "2016.02.06"]
[Round "1.3"]
[White "Pulfer, Luke"]
[Black "Morozov, Grigory"]
[Result "0-1"]
[WhiteElo "2036"]
[BlackElo "2375"]
[PlyCount "112"]
[EventDate "2016.02.06"]
[EventType "swiss"]
[EventRounds "6"]
[EventCountry "CAN"]

1. d4 d5 2. c4 e6 3. Nc3 c6 4. e3 Bd6 5. Nf3 f5 6. Be2 Nf6 7. O-O Nbd7 8. Qc2
O-O 9. c5 Bc7 10. b4 a6 11. Bb2 e5 12. dxe5 Nxe5 13. Nxe5 Bxe5 14. Bf3 Bc7 15.
a4 Qe7 16. Ne2 Bd7 17. Nd4 Ng4 18. g3 Rf6 19. Bg2 Raf8 20. Nf3 Rh6 21. Rad1 Nf6
22. Qd3 Ne4 23. Nd2 Be8 24. Rfe1 a5 25. Nb3 axb4 26. Qd4 Bh5 27. Rc1 Ng5 28.
Nd2 Ba5 29. Nb3 Bc7 30. Nd2 b3 31. Qd3 Ba5 32. Bc3 b2 33. Rc2 Bxc3 34. Qxc3 f4
35. Rxb2 f3 36. Bf1 Qd7 37. Nb3 Ne4 38. Qd4 Qe7 39. Nd2 Nxc5 40. Qb4 Rf7 41. e4
Re6 42. Rbb1 Bg6 43. Re3 Nxe4 44. Qxe7 Rfxe7 45. Nxf3 Ng5 46. Nxg5 Rxe3 47.
Rxb7 Rxb7 48. fxe3 Ra7 49. Kf2 Rxa4 50. Ne6 Ra2+ 51. Kg1 Be4 52. Ng5 Rc2 53.
Ne6 c5 54. Nf4 Kf7 55. Ne2 Kf6 56. Nf4 Ke5 0-1

[Event "British Columbia-op"]
[Site "Richmond CAN"]
[Date "2016.02.06"]
[Round "1.4"]
[White "Oussedik, Elias"]
[Black "Kagaoan, Jose"]
[Result "1/2-1/2"]
[WhiteElo "2363"]
[BlackElo "2024"]
[PlyCount "97"]
[EventDate "2016.02.06"]
[EventType "swiss"]
[EventRounds "6"]
[EventCountry "CAN"]

1. d4 e6 2. c4 f5 3. Nc3 Nf6 4. Qc2 b6 5. e3 Bb7 6. f3 Bb4 7. Bd3 O-O 8. Nge2
Nc6 9. Bd2 a6 10. O-O-O Ne7 11. h3 b5 12. cxb5 axb5 13. Bxb5 c6 14. Bd3 d5 15.
g4 c5 16. dxc5 Bxc5 17. Nd4 Bxd4 18. exd4 Nc6 19. Qb3 Na5 20. Qb4 Ba6 21. Bxa6
Rxa6 22. Qb5 Qa8 23. gxf5 Rb8 24. Qc5 Qb7 25. Rdg1 Rc8 26. Qa3 Nc4 27. Qb3 Rb6
28. Qa4 Rb4 29. Bh6 Nxb2 30. Rxg7+ Qxg7 31. Qxb4 Nd3+ 32. Kd2 Nxb4 33. Bxg7
Kxg7 34. fxe6 Kf8 35. f4 Rc4 36. Ne2 Rc2+ 37. Ke3 Rxa2 38. Rb1 Ra3+ 39. Kf2
Ne4+ 40. Kg2 Nc6 41. Rb6 Ne7 42. Rb7 Re3 43. Ng1 Nd6 44. Rb6 Rxe6 45. Nf3 Rg6+
46. Kh2 Ne4 47. Rb8+ Kg7 48. Rb2 Kf6 49. Rb6+ 1/2-1/2

[Event "British Columbia-op"]
[Site "Richmond CAN"]
[Date "2016.02.06"]
[Round "1.5"]
[White "Burke, Paul"]
[Black "Gansvind, Valeriya"]
[Result "0-1"]
[WhiteElo "2006"]
[BlackElo "2289"]
[PlyCount "68"]
[EventDate "2016.02.06"]
[EventType "swiss"]
[EventRounds "6"]
[EventCountry "CAN"]

1. e4 g6 2. Nc3 Bg7 3. d3 d6 4. g3 c6 5. Bg2 b5 6. f4 b4 7. Nce2 Qb6 8. Nf3 Nf6
9. h3 a5 10. Bd2 Ba6 11. Qc1 Nbd7 12. Be3 Qc7 13. g4 Nb6 14. g5 Nfd7 15. O-O
Na4 16. Rb1 Nac5 17. Qd2 Rb8 18. f5 a4 19. Nh4 O-O 20. d4 Nb7 21. Rf2 c5 22. d5
b3 23. axb3 axb3 24. c3 Na5 25. f6 exf6 26. gxf6 Bxf6 27. Rxf6 Nc4 28. Qc1 Nxe3
29. Qxe3 Nxf6 30. Ng3 Kh8 31. c4 Qe7 32. Rf1 Qe5 33. Rf4 Bxc4 34. Qf2 Ng8 0-1

[Event "British Columbia-op"]
[Site "Richmond CAN"]
[Date "2016.02.06"]
[Round "1.6"]
[White "Doknjas, John"]
[Black "Salcedo, Daniel"]
[Result "1/2-1/2"]
[WhiteElo "2288"]
[BlackElo "1995"]
[PlyCount "47"]
[EventDate "2016.02.06"]
[EventType "swiss"]
[EventRounds "6"]
[EventCountry "CAN"]

1. d4 Nf6 2. c4 g6 3. Nc3 Bg7 4. e4 d6 5. Nf3 O-O 6. Be2 Na6 7. O-O e5 8. Be3
Ng4 9. Bg5 f6 10. Bc1 Nh6 11. dxe5 dxe5 12. h3 Nc5 13. Be3 Ne6 14. Qc1 Nf7 15.
Rd1 Qe8 16. Bd3 b6 17. c5 bxc5 18. Bb5 c6 19. Bf1 Nd4 20. Na4 Nd6 21. Nxc5
Nxf3+ 22. gxf3 Nb5 23. f4 f5 24. fxe5 1/2-1/2